Panggil aku Najiha /

Bibliographic Details
Main Author: Ana Balqis, 1963-
Format: Book
Language:English
Published: Shah Alam : Alaf 21, 2010
Subjects:
LEADER 00635cam a2200217 i 4500
001 0000150519
005 20251120090000.0
041 |a eng 
020 |a 9789831245118  |q paperback  |c RM19.90 
040 |a RMC  |b eng  |c RMC  |e rda 
090 0 0 |a FM  |b ANA  |d D 
100 1 |a Ana Balqis,  |d 1963- 
245 1 0 |a Panggil aku Najiha /  |c Ana Balqis 
264 1 |a Shah Alam :  |b Alaf 21,  |c 2010 
300 |a 487ms. ;  |c 19cm. 
337 |a unmedia  |2 rdamedia 
337 |a text  |2 rdamedia 
338 |a volume  |2 rdacarrier 
650 1 0 |a Malay fiction 
852 1 0 |a RMC 
999 |a 0000034475  |b Royal Military College  |d BOOKS  |e Umum  |f Royal Military College  |j AVAILABLE  |q GOOD CONDITION